LEADER 01263nam a2200277 i 4500 001 000000102263 003 CaOOAMICUS 005 20250603153824.0 008 041120s1968 it u000 u ita u 040 $aSeMil$bita 100 1 $aQuasimodo, Salvatore,$d<1901-1968>.$0(OLS)http://semarc/name/18821 245 00$aSalvatore Quasimodo :$bpremio Nobel per la letteratura 1959. 246 08$aSaggi ; L'amore di Galatea 264 1$aMilano :$bFratelli Fabbri Editori,$c1968. 300 $a344 p. ;$c23 cm. 490 1 $aI premi Nobel per la letteratura ;$v55. 500 $aContiene: Il poeta politico e altri saggi, L'amore di Galatea 600 14$aQuasimodo, Salvatore <1901-1968>.$0(OLS)http://semarc/subject/15609 830 2$aI premi Nobel per la letteratura ;$v55.$0(OLS)http://semarc/title/407024 850 $aSeMil 852 $aSeMil$W1$xVenegono$y1$m1B V 286$j257725$B58805$CSeMilBibl$Z2$F69775 $81 961 $aRecupero: Seminario di Seveso 996 $6245$aSalvatore Quasimodo :$bpremio Nobel per la letteratura 1959$9(OLS)http://semarc/title/454115 996 $6246$aSaggi ; L'amore di Galatea$9(OLS)http://semarc/title/407023 996 $6264$aMilano :$bFratelli Fabbri Editori$9(OLS)http://semarc/publisher/29845 LEADER 01117nam a2200229 i 4500 001 000000042105 003 CaOOAMICUS 005 20120608000000.0 008 120608s1900 xx u000 u fre u 013 $a13275 040 $aSeMil$bita 100 1 $aAllard, Paul <1841-1916>.$0(OLS)http://semarc/name/6855 245 14$aLes esclaves chrétiens depuis les premiers temps de l'Eglise jusqu'à la fin de la domination romaine en Occident /$cpar Paul Allard. 250 $a4. éd. revue et augmentée. 260 $aParis :$bVictor Lecoffre,$c1900. 300 $aXVI, 494 p ;$c19 cm. 650 4$aChiesa primitiva e delle origini .$0(OLS)http://semarc/subject/1281 650 4$aSchiavitù - Roma - Storia - Fino al Sec. 7.$0(OLS)http://semarc/subject/8963 850 $aSeMil 852 $aSeMil$W1$xVenegono$y1$m2A II 73 FA$j8260$B8260$CSeMilBibl$Z2$F8260 $8I 996 $6245$aLes esclaves chrétiens depuis les premiers temps de l'Eglise jusqu'à la fin de la domination romaine en Occident$9(OLS)http://semarc/title/61289 996 $6260$aParis :$bVictor Lecoffre$9(OLS)http://semarc/publisher/31317